[Event "EU-ch U12 27th"]
[Site "Mamaia"]
[Date "2017.09.07"]
[Round "3"]
[White "Yagci, Yusuf Batin"]
[Black "Keleberda, Timur"]
[Result "1/2-1/2"]
[WhiteElo "1637"]
[BlackElo "1798"]
[PlyCount "34"]
[EventDate "2017.09.05"]
[EventType "swiss"]
[EventRounds "9"]
[EventCountry "ROU"]
[SourceTitle "CBM 180 Extra"]
[Source "ChessBase"]
[SourceDate "2017.10.06"]
[SourceVersion "1"]
[SourceVersionDate "2017.10.06"]
[SourceQuality "1"]

1. d4 Nf6 2. Nf3 c5 3. c3 e6 4. Bf4 Nc6 5. e3 cxd4 6. exd4 Be7 7. Bd3 b6 8. 0-0 Bb7 9. h3 0-0 10. Nbd2 Nd5 11. Bh2 f5 12. Ne5 Nxe5 13. Bxe5 Qe8 14. Bc4 Qg6 15. Qf3 Bc6 16. Qg3 Qxg3 17. fxg3 Nf6 1/2-1/2

[Event "EU-ch U12 27th"]
[Site "Mamaia"]
[Date "2017.09.06"]
[Round "2"]
[White "Qojle, Albion"]
[Black "Yagci, Yusuf Batin"]
[Result "0-1"]
[WhiteElo "1112"]
[BlackElo "1637"]
[PlyCount "72"]
[EventDate "2017.09.05"]
[EventType "swiss"]
[EventRounds "9"]
[EventCountry "ROU"]
[SourceTitle "CBM 180 Extra"]
[Source "ChessBase"]
[SourceDate "2017.10.06"]
[SourceVersion "1"]
[SourceVersionDate "2017.10.06"]
[SourceQuality "1"]

1. c4 Nf6 2. Nc3 g6 3. e3 Bg7 4. a3 0-0 5. Qc2 d6 6. b4 e5 7. Bb2 Nbd7 8. Nf3 Re8 9. d3 a5 10. Be2 c6 11. 0-0 Qb6 12. Qb3 Nc5 13. Qc2 axb4 14. axb4 Rxa1 15. Rxa1 Qxb4 16. h3 Bf5 17. Na4 e4 18. Nxc5 Qxc5 19. Bd4 Qb4 20. Bc3 Qb6 21. Rb1 Qc7 22. Nd4 exd3 23. Bxd3 Bxd3 24. Qxd3 Ne4 25. Bb2 Nc5 26. Qd2 Ra8 27. Ra1 Qc8 28. Rxa8 Qxa8 29. Qb4 Nd3 30. Qd2 Nxb2 31. Qxb2 c5 32. Qd2 cxd4 33. exd4 Qa1+ 34. Kh2 Qxd4 35. Qb4 Be5+ 36. g3 Qxf2+ 0-1

[Event "EU School-ch U13"]
[Site "Budva"]
[Date "2017.06.16"]
[Round "6.11"]
[White "Mochalin, Faddey"]
[Black "Yagci, Yusuf Batin"]
[Result "1-0"]
[WhiteElo "2043"]
[BlackElo "1612"]
[PlyCount "102"]
[EventDate "2017.06.11"]
[EventType "swiss"]
[EventRounds "9"]
[EventCountry "MNE"]
[SourceTitle "EXT 2024"]
[Source "ChessBase"]
[SourceDate "2023.10.10"]
[SourceVersion "1"]
[SourceVersionDate "2023.10.10"]
[SourceQuality "1"]

1. d4 Nf6 2. c4 g6 3. Nc3 Bg7 4. e4 d6 5. f3 0-0 6. Be3 e5 7. Nge2 c6 8. Qd2 a6 9. 0-0-0 Nbd7 10. h4 h5 11. d5 c5 12. g4 Nb6 13. Ng3 hxg4 14. h5 Nh7 15. Bd3 g5 16. fxg4 Bh6 17. Rdf1 f6 18. Qf2 Bxg4 19. Nf5 Bxf5 20. Qxf5 Qd7 21. Qg6+ Qg7 22. Ne2 Nc8 23. Qf5 Rd8 24. Ng3 Ne7 25. Qg4 Rab8 26. Bd2 b6 27. a3 Rb7 28. Be2 Nf8 29. Qh3 b5 30. Bg4 bxc4 31. Bc3 Kh8 32. Rf3 Nh7 33. Qf1 Qf8 34. Qxc4 Ra8 35. Rhf1 Qe8 36. Rxf6 Nxf6 37. Rxf6 Bg7 38. Rxd6 Qf8 39. h6 Qf4+ 40. Kb1 Qxg3 41. hxg7+ Kxg7 42. Qf1 Rf8 43. Qh3 Qxh3 44. Bxe5+ Kh7 45. Bxh3 Rf3 46. Bg4 Re3 47. Re6 Rxe4 48. d6 Re1+ 49. Ka2 Ng6 50. Bf5 Kg8 51. d7 Rxd7 1-0